[Event "Charlotte IM-B MLK 2022"]
[Site "Charlotte"]
[Date "2022.01.14"]
[Round "1.1"]
[White "Wu, Rochelle"]
[Black "Lima Martinez, Alejandro"]
[Result "1-0"]
[WhiteElo "2176"]
[BlackElo "2078"]
[Annotator "NA"]
[PlyCount "59"]
[EventDate "2022.01.13"]
[EventType "tourn"]
[EventCountry "USA"]
[SourceTitle "playchess.com"]
[Source "ChessBase"]
[SourceQuality "1"]
[TimeControl "5400+30"]

1. d4 {[%emt 0:00:25]} Nf6 {[%emt 0:00:15]} 2. c4 {[%emt 0:00:08]} c5 {[%emt 0:00:21]} 3. d5 {[%emt 0:00:09]} b5 {[%emt 0:00:13]} 4. cxb5 {[%emt 0:00:12]} a6 {[%emt 0:00:17]} 5. bxa6 {[%emt 0:00:07]} g6 {[%emt 0:00:12]} 6. Nc3 {[%emt 0:00:08]} Qa5 {[%emt 0:00:07]} 7. a7 {[%emt 0:00:50]} Na6 {[%emt 0:00:11]} 8. Bd2 {[%emt 0:05:03]} Nb4 {[%emt 0:12:41]} 9. a3 {[%emt 0:06:38]} Qxa7 {[%emt 0:06:31]} 10. e4 {[%emt 0:04:03]} Na6 {[%emt 0:24:06]} 11. e5 {[%emt 0:01:41]} Ng8 {[%emt 0:00:15]} 12. Bc4 {[%emt 0:15:15]} Bg7 {[%emt 0:08:20]} 13. Qe2 {[%emt 0:02:59]} Nh6 {[%emt 0:04:09]} 14. Nf3 {[%emt 0:03:12]} O-O {[%emt 0:01:21]} 15. O-O {[%emt 0:00:15]} Nf5 {[%emt 0:09:12]} 16. Nb5 {[%emt 0:01:22]} Qb6 {[%emt 0:01:10]} 17. Bc3 {[%emt 0:00:18]} Nc7 {[%emt 0:01:40]} 18. Nxc7 {[%emt 0:00:08]} Qxc7 {[%emt 0:00:03]} 19. Rac1 {[%emt 0:02:54]} Qb6 {[%emt 0:02:30]} 20. Rfd1 {[%emt 0:04:25]} h5 {[%emt 0:01:15]} 21. Bd3 {[%emt 0:10:22]} e6 {[%emt 0:04:24]} 22. Bxf5 {[%emt 0:11:44]} exf5 {[%emt 0:01:15]} 23. Qe3 {[%emt 0:01:00]} Re8 {[%emt 0:05:46]} 24. Qf4 {[%emt 0:05:04]} Qb3 {[%emt 0:00:48]} 25. e6 {[%emt 0:05:57]} dxe6 {[%emt 0:01:56]} 26. Bxg7 {[%emt 0:00:05]} Kxg7 {[%emt 0:00:02]} 27. Qe5+ {[%emt 0:00:26]} Kg8 {[%emt 0:00:29]} 28. d6 {[%emt 0:00:13]} Bd7 {[%emt 0:00:38]} 29. Qf6 {[%emt 0:02:36]} Rac8 {[%emt 0:00:49]} 30. Ne5 {[%emt 0:00:17]} 1-0

[Event "Charlotte IM-B MLK 2022"]
[Site "Charlotte"]
[Date "2022.01.14"]
[Round "1.2"]
[White "Oberoi, Shelev"]
[Black "Amburgy, Ryan"]
[Result "1/2-1/2"]
[WhiteElo "2268"]
[BlackElo "2135"]
[Annotator "ChessBase"]
[PlyCount "152"]
[EventDate "2022.01.13"]
[EventType "tourn"]
[EventCountry "USA"]
[SourceTitle "playchess.com"]
[Source "ChessBase"]
[SourceQuality "1"]
[TimeControl "5400+30"]

1. e4 {[%emt 0:00:03]} e5 {[%emt 0:00:05]} 2. Nf3 {[%emt 0:00:19]} Nc6 {[%emt 0:00:06]} 3. d4 {[%emt 0:00:11]} exd4 {[%emt 0:00:06]} 4. Nxd4 {[%emt 0:00:18]} Bc5 {[%emt 0:00:06]} 5. Nxc6 {[%emt 0:01:08]} Qf6 {[%emt 1:32:37]} 6. Qf3 {[%emt 0:00:19]} bxc6 {[%emt 0:00:00]} 7. Nd2 {[%emt 0:03:25]} d6 {[%emt 0:00:00]} 8. Bc4 {[%emt 0:05:33]} Qxf3 {[%emt 0:00:00]} 9. gxf3 {[%emt 0:01:16]} Ne7 {[%emt 0:00:00]} 10. a4 {[%emt 0:12:43]} d5 {[%emt 0:00:00]} 11. Bd3 {[%emt 0:04:25]} Rb8 {[%emt 0:00:00]} 12. Nb3 {[%emt 0:02:55]} Bb4+ {[%emt 0:00:00]} 13. Bd2 {[%emt 0:05:59]} O-O {[%emt 0:00:00]} 14. O-O-O {[%emt 0:04:49]} f5 {[%emt 0:00:00]} 15. exd5 {[%emt 0:03:40]} Bxd2+ {[%emt 0:00:00]} 16. Rxd2 {[%emt 0:01:47]} cxd5 {[%emt 0:00:00]} 17. Re1 {[%emt 0:04:42]} Ng6 {[%emt 0:00:00]} 18. Bb5 {[%emt 0:05:07]} Rb6 {[%emt 0:00:00]} 19. Na5 {[%emt 0:07:05]} Rd6 {[%emt 0:00:00]} 20. c4 {[%emt 0:06:38]} dxc4 {[%emt 0:00:00]} 21. Rxd6 {[%emt 0:02:19]} cxd6 {[%emt 0:00:00]} 22. Nxc4 {[%emt 0:01:22]} d5 {[%emt 0:00:00]} 23. Nd6 {[%emt 0:01:43]} Rd8 {[%emt 0:00:00]} 24. Re8+ {[%emt 0:04:47]} Rxe8 {[%emt 0:00:00]} 25. Bxe8 {[%emt 0:00:18]} Ne7 {[%emt 0:00:00]} 26. Bf7+ {[%emt 0:01:14]} Kf8 {[%emt 0:00:00]} 27. Bxd5 {[%emt 0:08:15]} Bd7 {[%emt 0:00:00]} 28. Bb3 {[%emt 0:00:50]} Nc6 {[%emt 0:00:00]} 29. Nb5 {[%emt 0:01:45]} Ke7 {[%emt 0:00:00]} 30. Kd2 {[%emt 0:02:01]} a5 {[%emt 0:00:00]} 31. Ke3 {[%emt 0:02:40]} Ne5 {[%emt 0:00:00]} 32. Nc3 {[%emt 0:01:33]} Kd6 {[%emt 0:00:00]} 33. h3 {[%emt 0:01:03]} Kc5 {[%emt 0:00:00]} 34. Nb1 {[%emt 0:03:45]} Kb4 {[%emt 0:00:00]} 35. Nd2 {[%emt 0:00:04]} Ng6 {[%emt 0:01:02]} 36. f4 {[%emt 0:00:23]} Bxa4 {[%emt 0:00:19]} 37. Be6 {[%emt 0:00:50]} Bc2 {[%emt 0:01:08]} 38. Nf3 {[%emt 0:00:04]} Ne7 {[%emt 0:00:38]} 39. Nd4 {[%emt 0:00:44]} Bb1 {[%emt 0:00:47]} 40. f3 {[%emt 0:00:16]} a4 {[%emt 0:00:21]} 41. Kd2 {[%emt 0:00:40]} g6 {[%emt 0:00:47]} 42. h4 {[%emt 0:00:23]} Kc5 {[%emt 0:00:20]} 43. Ne2 {[%emt 0:00:54]} Nc6 {[%emt 0:01:14]} 44. Bg8 {[%emt 0:00:34]} h6 {[%emt 0:00:47]} 45. Nc3 {[%emt 0:00:28]} Nd4 {[%emt 0:00:00]} 46. Nxb1 {[%emt 0:00:24]} Nxf3+ {[%emt 0:00:01]} 47. Kd3 {[%emt 0:01:19]} Nxh4 {[%emt 0:13:36]} 48. Nc3 {[%emt 0:00:26]} Kb4 {[%emt 0:00:00]} 49. Bd5 {[%emt 0:00:39]} g5 {[%emt 0:00:00]} 50. fxg5 {[%emt 0:00:43]} hxg5 {[%emt 0:00:00]} 51. Be6 {[%emt 0:00:29]} f4 {[%emt 0:00:00]} 52. Ke4 {[%emt 0:00:29]} Ng2 {[%emt 0:00:00]} 53. Bd7 {[%emt 0:00:22]} a3 {[%emt 0:00:00]} 54. Nd5+ {[%emt 0:00:38]} Kb3 {[%emt 0:00:00]} 55. bxa3 {[%emt 0:00:09]} Kxa3 {[%emt 0:04:00]} 56. Nf6 {[%emt 0:00:28]} Ne3 {[%emt 0:00:00]} 57. Nh7 {[%emt 0:00:15]} Kb4 {[%emt 0:00:00]} 58. Nxg5 {[%emt 0:00:07]} Nc4 {[%emt 0:00:00]} 59. Be6 {[%emt 0:00:28]} Kc5 {[%emt 0:00:00]} 60. Nf3 {[%emt 0:00:37]} Nd6+ {[%emt 0:00:00]} 61. Kxf4 {[%emt 0:00:49]} Nc4 {[%emt 0:00:00]} 62. Ng5 {[%emt 0:00:31]} Nd6 {[%emt 0:00:00]} 63. Ke5 {[%emt 0:00:32]} Nc4+ {[%emt 0:00:00]} 64. Ke4 {[%emt 0:00:07]} Nb6 {[%emt 0:00:00]} 65. Kd3 {[%emt 0:00:45]} Kd6 {[%emt 0:05:00]} 66. Kd4 {[%emt 0:00:05]} Nd7 {[%emt 0:00:00]} 67. Bc4 {[%emt 0:01:29]} Ke7 {[%emt 0:00:00]} 68. Ne4 {[%emt 0:00:12]} Nf6 {[%emt 0:00:00]} 69. Ng3 {[%emt 0:00:05]} Nd7 {[%emt 0:00:00]} 70. Bb3 {[%emt 0:00:47]} Kf6 {[%emt 0:00:00]} 71. Ba4 {[%emt 0:00:55]} Ne5 {[%emt 0:00:00]} 72. Kd5 {[%emt 0:00:35]} Ng4 {[%emt 0:00:00]} 73. Bd7 {[%emt 0:00:22]} Ne3+ {[%emt 0:00:00]} 74. Ke4 {[%emt 0:00:52]} Nc4 {[%emt 0:00:00]} 75. Kd5 {[%emt 0:00:26]} Nb6+ {[%emt 0:00:00]} 76. Kc6 {[%emt 0:00:19]} Nxd7 {[%emt 0:00:00]} 1/2-1/2

[Event "Charlotte IM-B MLK 2022"]
[Site "Charlotte"]
[Date "2022.01.14"]
[Round "1.3"]
[White "Chen, Ryo"]
[Black "Shen, Christopher"]
[Result "1/2-1/2"]
[WhiteElo "2294"]
[BlackElo "2335"]
[Annotator "ChessBase"]
[PlyCount "153"]
[EventDate "2022.01.13"]
[EventType "tourn"]
[EventCountry "USA"]
[SourceTitle "playchess.com"]
[Source "ChessBase"]
[SourceQuality "1"]
[TimeControl "5400+30"]

1. e4 {[%emt 0:00:02]} e5 {[%emt 0:00:12]} 2. Nf3 {[%emt 0:00:11]} Nc6 {[%emt 0:00:09]} 3. Bb5 {[%emt 0:00:16]} a6 {[%emt 0:00:12]} 4. Ba4 {[%emt 0:00:08]} Nf6 {[%emt 0:00:27]} 5. d3 {[%emt 0:00:05]} d6 {[%emt 0:00:21]} 6. c3 {[%emt 0:00:42]} g6 {[%emt 0:00:26]} 7. O-O {[%emt 0:00:30]} Bg7 {[%emt 0:00:21]} 8. Nbd2 {[%emt 0:01:37]} O-O {[%emt 0:00:21]} 9. Re1 {[%emt 0:00:29]} h6 {[%emt 0:00:36]} 10. Nf1 {[%emt 0:00:32]} b5 {[%emt 0:02:37]} 11. Bc2 {[%emt 0:02:45]} d5 {[%emt 0:01:28]} 12. a4 {[%emt 0:13:07]} Be6 {[%emt 0:07:48]} 13. Bd2 {[%emt 0:06:25]} dxe4 {[%emt 0:08:11]} 14. dxe4 {[%emt 0:00:13]} Nh5 {[%emt 0:00:46]} 15. b4 {[%emt 0:15:57]} Nf4 {[%emt 0:05:09]} 16. axb5 {[%emt 0:05:48]} axb5 {[%emt 0:00:51]} 17. Rxa8 {[%emt 0:04:59]} Qxa8 {[%emt 0:00:10]} 18. g3 {[%emt 0:00:47]} Nh5 {[%emt 0:07:01]} 19. Bd3 {[%emt 0:02:54]} Qb7 {[%emt 0:03:49]} 20. Qe2 {[%emt 0:02:27]} Na7 {[%emt 0:02:56]} 21. Be3 {[%emt 0:07:34]} c6 {[%emt 0:01:49]} 22. c4 {[%emt 0:05:24]} bxc4 {[%emt 0:08:00]} 23. Bxc4 {[%emt 0:00:47]} Re8 {[%emt 0:04:40]} 24. Bxe6 {[%emt 0:05:47]} Rxe6 {[%emt 0:00:32]} 25. Qd2 {[%emt 0:02:22]} Nb5 {[%emt 0:12:34]} 26. Bc5 {[%emt 0:07:15]} Nf6 {[%emt 0:04:58]} 27. Rd1 {[%emt 0:05:47]} Kh7 {[%emt 0:11:25]} 28. Qd3 {[%emt 0:00:44]} Qa6 {[%emt 0:03:36]} 29. Ne3 {[%emt 0:02:41]} Qa3 {[%emt 0:02:19]} 30. Qxa3 Nxa3 {[%emt 0:00:03]} 31. Nd2 {[%emt 0:03:25]} Nb5 {[%emt 0:01:01]} 32. f3 {[%emt 0:01:08]} Nc3 {[%emt 0:03:03]} 33. Ra1 {[%emt 0:00:39]} Nd7 {[%emt 0:00:58]} 34. Ra3 {[%emt 0:01:50]} Nb5 {[%emt 0:01:00]} 35. Rd3 {[%emt 0:01:18]} Nxc5 {[%emt 0:00:43]} 36. bxc5 {[%emt 0:00:02]} Bf8 {[%emt 0:01:29]} 37. Nb3 {[%emt 0:00:16]} Nd4 {[%emt 0:00:35]} 38. Nxd4 {[%emt 0:01:01]} exd4 {[%emt 0:00:02]} 39. Rxd4 {[%emt 0:01:07]} Bxc5 {[%emt 0:00:06]} 40. Rd3 {[%emt 0:00:05]} f5 {[%emt 0:01:48]} 41. Rd7+ {[%emt 0:01:11]} Kg8 {[%emt 0:00:40]} 42. Kf2 {[%emt 0:00:15]} g5 {[%emt 0:01:13]} 43. Ke2 {[%emt 0:00:38]} fxe4 {[%emt 0:00:57]} 44. Nf5 {[%emt 0:00:19]} exf3+ {[%emt 0:00:34]} 45. Kxf3 {[%emt 0:00:03]} Bf8 {[%emt 0:00:24]} 46. g4 {[%emt 0:01:03]} c5 {[%emt 0:00:22]} 47. Rc7 {[%emt 0:00:13]} Rb6 {[%emt 0:00:50]} 48. h4 {[%emt 0:00:36]} Rb3+ {[%emt 0:00:40]} 49. Ke4 {[%emt 0:00:28]} Rb4+ {[%emt 0:00:12]} 50. Kf3 {[%emt 0:00:43]} Rf4+ {[%emt 0:00:14]} 51. Ke2 {[%emt 0:00:43]} gxh4 {[%emt 0:01:01]} 52. Nxh4 {[%emt 0:00:23]} Rxg4 {[%emt 0:00:07]} 53. Nf5 {[%emt 0:00:25]} Rg5 {[%emt 0:00:41]} 54. Nh4 {[%emt 0:00:40]} h5 {[%emt 0:01:39]} 55. Kf3 {[%emt 0:00:24]} Bd6 {[%emt 0:00:50]} 56. Rc6 {[%emt 0:00:36]} Bg3 {[%emt 0:01:15]} 57. Ng2 {[%emt 0:01:14]} h4 {[%emt 0:00:35]} 58. Ne3 {[%emt 0:00:30]} h3 {[%emt 0:00:50]} 59. Rh6 {[%emt 0:00:00]} h2 {[%emt 0:00:34]} 60. Nf1 {[%emt 0:00:12]} Be5 {[%emt 0:01:15]} 61. Nxh2 {[%emt 0:00:15]} Kg7 {[%emt 0:00:45]} 62. Rh4 {[%emt 0:00:44]} Kf7 {[%emt 0:00:41]} 63. Ng4 {[%emt 0:00:21]} Bd4 {[%emt 0:00:18]} 64. Ne3 {[%emt 0:00:44]} Ke6 {[%emt 0:00:34]} 65. Nc2 {[%emt 0:00:30]} Be5 {[%emt 0:00:27]} 66. Rh6+ {[%emt 0:00:30]} Kd5 {[%emt 0:00:29]} 67. Rh4 {[%emt 0:00:25]} Rg3+ {[%emt 0:00:39]} 68. Ke2 {[%emt 0:00:14]} Rb3 {[%emt 0:00:28]} 69. Ne3+ {[%emt 0:00:32]} Kc6 {[%emt 0:00:20]} 70. Re4 {[%emt 0:00:18]} Bd4 {[%emt 0:00:20]} 71. Nc2 {[%emt 0:00:22]} Kd5 {[%emt 0:00:44]} 72. Nxd4 {[%emt 0:00:28]} cxd4 {[%emt 0:00:31]} 73. Re8 {[%emt 0:00:09]} Rc3 {[%emt 0:00:28]} 74. Rd8+ {[%emt 0:00:22]} Kc4 {[%emt 0:00:05]} 75. Rc8+ {[%emt 0:00:22]} Kb3 {[%emt 0:00:06]} 76. Rd8 {[%emt 0:00:07]} d3+ {[%emt 0:00:41]} 77. Rxd3 {[%emt 0:00:03]} 1/2-1/2

[Event "Charlotte IM-B MLK 2022"]
[Site "Charlotte"]
[Date "2022.01.14"]
[Round "1.4"]
[White "Fishbein, Alexander"]
[Black "Matros, Alexander"]
[Result "1-0"]
[WhiteElo "2458"]
[BlackElo "2361"]
[Annotator "TA"]
[PlyCount "73"]
[EventDate "2022.01.13"]
[EventType "tourn"]
[EventCountry "USA"]
[SourceTitle "playchess.com"]
[Source "ChessBase"]
[SourceQuality "1"]

{[%evp 9,73,16,17,25,25,16,36,34,50,54,67,31,38,21,33,-8,0,0,0,-7,81,38,204,225,216,227,217,236,242,234,212,162,399,399,373,370,729,739,740,725,1893,1873,1845,1755,3356,3071,29983,625,835,803,29978,29979,29979,29980,29978,29979,29977,29978,29978,29979,29979,29980,12844,12845,29989,29990]} 1. c4 e5 2. Nc3 Bb4 3. Nd5 Bc5 4. e3 Nf6 5. b4 Nxd5 6. bxc5 {A21: English Opening: 1...e5 2 Nc3.} Nf6 7. Nf3 {[%cal Bg1f3,Bf3d4,Bd4b5][%mdl 32]} Qe7 8. Be2 {White is slightly better.} e4 9. Nd4 {[#]} Qxc5 $146 ({Predecessor:} 9... Na6 10. g4 Nxc5 11. Nf5 Qf8 12. g5 d6 13. Ng3 Nfd7 14. Qc2 Qe7 15. Bb2 Ne5 16. Nxe4 {½-½ (58) Giri,A (2785)-Grischuk,A (2750) Moscow 2017}) 10. Nb5 Na6 11. O-O {[%mdl 1024] White has compensation.} d6 12. Ba3 (12. f3 $14) 12... Qg5 {...Bh3 is the strong threat.} 13. f4 Qg6 14. f5 Qg5 {[#]} (14... Bxf5 $11 15. Bxd6 Bd7 16. Nxc7+ Nxc7 17. Bxc7 O-O) 15. Qe1 {White is more active.} ({White should play} 15. Nxc7+ $1 $16 Nxc7 16. Bxd6) 15... h5 $2 {Loses the game.} ({Black should try} 15... Bxf5 $14 16. Bxd6 Bh3) 16. h4 $18 Qh6 {[#]} 17. Nxc7+ $1 {[%mdl 576] Remove Defender} Nxc7 18. Bxd6 Kd8 {[#]} 19. Bf4 $1 {This bishop pair is nice.} Qh7 20. d3 {Threatens to win with dxe4.} Re8 ({Not} 20... exd3 21. Bxd3 Bd7 22. Rd1 $16) (20... Bxf5 21. Bxc7+ Kxc7 22. Qa5+ b6 23. Qe5+ Kb7 24. Rxf5 Rac8) 21. Rd1 Bd7 22. Qb4 Kc8 (22... Rc8 23. dxe4 Rxe4) 23. Qd6 {[%csl Gf4][%cal Rd6c7]} ({Less strong is} 23. Rb1 Bc6 $18) 23... Na6 24. dxe4 {Intending c5 and mate.} Rxe4 25. c5 {[%cal Oc5c6] White threatens c6! and mate.} Rxf4 26. Rxf4 Nb8 27. Bf3 Qg8 {Inhibits Qf8+.} 28. e4 (28. Rb4 $142 Bc6 29. Bxc6 Nxc6 {[#]} 30. Rxb7 $3 {[%mdl 512]} Kxb7 31. Rb1+ Kc8 32. Qxc6+ Kd8 33. Qxa8+ Ke7 34. Rb7+ Nd7 35. Qxg8) 28... a5 29. e5 Ra6 {[#]} 30. Bxb7+ $1 {[%mdl 576] Decoy} Kxb7 31. Rb1+ Ka8 {[#]} 32. Rxb8+ $1 {[%mdl 576] Remove Defender} Qxb8 33. Qxa6+ Qa7 34. Qxa7+ Kxa7 35. exf6 gxf6 36. g4 hxg4 37. h5 {Weighted Error Value: White=0.37/Black=1.18} 1-0

[Event "Charlotte IM-B MLK 2022"]
[Site "Charlotte"]
[Date "2022.01.14"]
[Round "1.5"]
[White "Kanli, Alperen"]
[Black "Bregadze, Levan"]
[Result "1/2-1/2"]
[WhiteElo "2055"]
[BlackElo "2448"]
[Annotator "TA"]
[PlyCount "83"]
[EventDate "2022.01.13"]
[EventType "tourn"]
[EventCountry "USA"]
[SourceTitle "playchess.com"]
[Source "ChessBase"]
[SourceQuality "1"]

{[%evp 14,83,61,64,50,45,54,36,35,30,41,-9,-7,-30,-20,-16,-45,-26,0,0,0,0,-6,0,0,0,12,0,0,0,0,0,-3,-4,0,-6,0,-42,34,0,0,-10,-10,-10,-8,-10,-4,-15,-18,-14,-16,-15,-21,-13,-11,-40,-9,-13,0,-1,0,0,0,0,0,0,0,0,0,0,47,0]} 1. d4 Nf6 2. c4 g6 3. Nc3 Bg7 4. e4 d6 5. Nf3 O-O 6. Be2 c6 7. O-O a6 8. Be3 {8.h3 is becoming the main line.} b5 {E91: King's Indian: Classical: 6 Be2, unusual replies including 6...c5 and 6...Bg4.} 9. a3 Nbd7 10. cxb5 cxb5 11. h3 Bb7 12. e5 {[#]} (12. Nd2 $14) 12... Nd5 $146 ({Predecessor:} 12... dxe5 13. dxe5 Ne8 14. Bf4 Nc7 15. Re1 Rb8 16. Qd2 Bxf3 17. Bxf3 Nxe5 18. Qxd8 Nxf3+ 19. gxf3 Rbxd8 20. Bxc7 {1-0 (55) Boissinot,C (1505)-Beauchesne,J (1639) Quebec 2016}) 13. e6 fxe6 14. Ng5 Nxc3 15. bxc3 Rf6 16. a4 h6 17. Nf3 {[%cal Bg5f3,Bf3d2,Bd2e4][%mdl 32]} Nb6 18. axb5 axb5 19. Qb3 Nd5 20. Bxb5 Rb8 21. Nd2 Nc7 22. c4 Nxb5 23. cxb5 {[#]} Bc6 $1 24. Rfc1 (24. Qc2 Bxb5) 24... Rxb5 25. Qc4 (25. Qc2 $1 $11 Ba8 26. Ne4) 25... Be8 {This bishop pair is nice.} (25... Rb6 $15) 26. Ne4 (26. Ra7 $5 {[%cal Rd2e4]}) 26... Rf8 {Threatens to win with ...d5.} 27. Qxe6+ Bf7 28. Qg4 Qb8 {To avoid Ra7} 29. Qh4 Qb7 30. Nc3 Rb4 31. Rab1 Rc8 {[%cal Oc8c3] [#] Hoping for ...Rxc3!} 32. Rxb4 Qxb4 33. Ne2 Rxc1+ 34. Nxc1 g5 (34... e5 $5 {[%cal Rg6g5]} 35. Qd8+ Kh7 $15) 35. Qg4 e5 {[%cal Re5d4]} 36. Ne2 ({Of course not} 36. Qc8+ Kh7 37. Qd7 Bd5 $15) 36... h5 37. Qc8+ Kh7 {...Qe1+ is the strong threat.} 38. Qc2+ Bg6 39. Qd1 g4 40. hxg4 hxg4 41. dxe5 dxe5 (41... Bxe5 $11 {is superior.} 42. Bd4 Bxd4 43. Nxd4 Be4) 42. Ng3 {Weighted Error Value: White=0.07 (flawless) /Black=0.10 (very precise)} (42. Kh2 $1 $14) 1/2-1/2

[Event "Charlotte IM-B MLK 2022"]
[Site "Charlotte"]
[Date "2022.01.14"]
[Round "2.1"]
[White "Lima Martinez, Alejandro"]
[Black "Bregadze, Levan"]
[Result "0-1"]
[WhiteElo "2078"]
[BlackElo "2448"]
[Annotator "TA"]
[PlyCount "64"]
[EventDate "2022.01.13"]
[EventType "tourn"]
[EventCountry "USA"]
[SourceTitle "playchess.com"]
[Source "ChessBase"]
[SourceQuality "1"]

{[%evp 10,64,-25,-25,-14,-25,0,0,3,-13,-4,-16,-16,-16,-20,-33,0,-55,-54,-60,-51,-64,-59,-74,-57,-62,-54,-64,-35,-73,-33,-112,-35,-22,-12,-30,-21,-241,-245,-250,-222,-723,-700,-953,-1256,-1268,-1263,-1228,-1224,-1112,-354,-1164,-1064,-29984,-1149,-1143,-1057]} 1. c4 {[%cal Bc2c4,Bc4d5][%mdl 32]} Nf6 2. Nc3 e5 3. g3 Bb4 4. Nd5 Nxd5 5. cxd5 O-O 6. Bg2 d6 {6...c6 is not played anymore. A22: English Opening: 1...e5 2 Nc3 Nf6.} 7. e3 c6 8. a3 Ba5 {The position is equal.} 9. dxc6 Nxc6 10. Ne2 {[#]} Bg4 $146 ({Predecessor:} 10... d5 11. b4 Bb6 12. d3 a6 13. O-O Re8 14. Kh1 Be6 15. f4 Qd7 16. fxe5 Nxe5 {0-1 (30) Santiago,Y (2422)-Mekhitarian,K (2555) Rio de Janeiro 2016}) 11. O-O Qd7 12. d3 Bh3 13. Nc3 ({White should play} 13. Bxh3 $11 Qxh3 14. Bd2) 13... Bxg2 $15 14. Kxg2 Bxc3 15. bxc3 d5 {Black is more active.} 16. Qa4 a6 17. Bb2 Rfd8 18. Rfd1 b5 19. Qh4 Qe6 20. e4 (20. a4 $15) 20... Rd6 (20... Na5 $17 21. Rab1 Nb3 22. exd5 Qxd5+ 23. Kg1 Nc5) 21. a4 Rad8 22. axb5 axb5 23. Ra6 $2 {Now White is beyond hope.} (23. Qh5 $11) 23... Qc8 $19 24. Rda1 Rh6 25. Qg5 (25. Ra8 Nb8 26. Qe7 dxe4 27. Kg1) 25... Qh3+ 26. Kg1 Qxh2+ 27. Kf1 Rf6 {[%csl Gf6][%cal Rh2f2]} 28. Qe3 dxe4 29. dxe4 Qh3+ $2 (29... Rfd6 {( -> ...Rd1+)} 30. Qf3 Rd3 $1 31. Qxd3 Rxd3) 30. Ke1 (30. Kg1 h5 31. Qg5) 30... Rfd6 {[%cal Od6d1]} 31. Ra8 {[#]} Qh1+ (31... Rd1+ $142 $3 {[%mdl 512]} 32. Ke2 Qh5+ 33. Qf3 R1d2+ 34. Ke1 Qxf3 35. Rxd8+ Rxd8 36. c4 Nb4 37. Bd4 Nc2+ 38. Kd2 Nxa1 39. Kc1 Rxd4 40. cxb5 Rd1+ 41. Kb2 Qb3#) 32. Ke2 Qh5+ {Weighted Error Value: White=1.02/Black=0.41} 0-1

[Event "Charlotte IM-B MLK 2022"]
[Site "Charlotte"]
[Date "2022.01.14"]
[Round "2.2"]
[White "Matros, Alexander"]
[Black "Kanli, Alperen"]
[Result "1/2-1/2"]
[WhiteElo "2361"]
[BlackElo "2055"]
[Annotator "TA"]
[PlyCount "15"]
[EventDate "2022.01.13"]
[EventType "tourn"]
[EventCountry "USA"]
[SourceTitle "playchess.com"]
[Source "ChessBase"]
[SourceQuality "1"]

{[%evp 9,15,0,41,0,37,28,31,33]} 1. d4 d5 2. Bf4 Nf6 3. e3 c5 4. dxc5 g6 5. c4 Qa5+ (5... Bg7 $11) 6. Nc3 {D00: 1 d4 d5: Unusual lines.} (6. Qd2 $14 Qxc5 7. b4) 6... dxc4 7. Bxc4 {[#] Black must now prevent Bxb8.} Bg7 $1 {[#]} 8. Nf3 $146 ({Predecessor:} 8. Qb3 O-O 9. Qb5 Qxb5 10. Bxb5 Bd7 11. a4 Rc8 12. Nf3 a6 13. Be2 Rxc5 14. Ne5 Be6 15. Nd3 Rc8 16. Bf3 {0-1 (30) Boudriga,M (2376)-Gonzalez Acosta,B (2452) Batumi 2018}) 1/2-1/2

[Event "Charlotte IM-B MLK 2022"]
[Site "Charlotte"]
[Date "2022.01.14"]
[Round "2.3"]
[White "Shen, Christopher"]
[Black "Fishbein, Alexander"]
[Result "1/2-1/2"]
[WhiteElo "2335"]
[BlackElo "2458"]
[Annotator "TA"]
[PlyCount "41"]
[EventDate "2022.01.13"]
[EventType "tourn"]
[EventCountry "USA"]
[SourceTitle "playchess.com"]
[Source "ChessBase"]
[SourceQuality "1"]

{[%evp 19,27,47,52,46,47,48,52,35,51,55]} 1. d4 Nf6 2. c4 g6 3. g3 Bg7 4. Bg2 O-O 5. Nc3 d6 6. Nf3 Nc6 7. O-O e5 8. dxe5 dxe5 9. Bg5 h6 10. Qxd8 Rxd8 {White is slightly better.} 11. Bxf6 {E62: King's Indian: Fianchetto: 6...c6 and Panno Variation (6...Nc6) without ...a6.} Bxf6 12. Nd5 Kg7 {The main line 12...Kg7 scores better than 12...Bg7.} 13. Nxc7 Rb8 14. e4 {[#] Black got outplayed after the opening.  Weighted Error Value: White=0.00 (flawless) /Black=0.00 (flawless)} {Predecessor:} Be7 $146 15. Rfd1 Be6 16. Nxe6+ fxe6 17. Ne1 g5 18. Bh3 Kf6 19. Bg4 Bc5 20. Rxd8 Rxd8 21. Rd1 {½-½ (21) Volokitin,A (2677)-Shevchenko,K (2655) Warsaw 2021} 1/2-1/2

[Event "Charlotte IM-B MLK 2022"]
[Site "Charlotte"]
[Date "2022.01.14"]
[Round "2.4"]
[White "Amburgy, Ryan"]
[Black "Chen, Ryo"]
[Result "0-1"]
[WhiteElo "2135"]
[BlackElo "2294"]
[Annotator "TA"]
[PlyCount "86"]
[EventDate "2022.01.13"]
[EventType "tourn"]
[EventCountry "USA"]
[SourceTitle "playchess.com"]
[Source "ChessBase"]
[SourceQuality "1"]

{[%evp 21,86,31,50,29,43,50,48,5,33,20,15,-14,-11,-36,8,4,33,-45,-47,-45,-50,-53,-47,-45,-46,-70,-42,-47,-20,-57,-65,-75,-79,-89,-43,-61,-58,-102,0,-158,-145,-148,-153,-316,-307,-280,-275,-365,-233,-491,-492,-435,-291,-870,-864,-845,-839,-1019,-1000,-1002,-986,-967,-955,-1045,-1033,-29975,-29973]} 1. Nf3 Nf6 2. c4 g6 3. Nc3 Bg7 4. e4 d6 5. d4 O-O 6. Be2 e5 7. Be3 Ng4 8. Bg5 f6 9. Bh4 g5 10. Bg3 Nh6 11. dxe5 dxe5 12. Qd5+ {E92: King's Indian: Classical: 6 Be2 e5: 7 dxe5, 7 Be3 and Petrosian System without 7...Nbd7.} Kh8 13. O-O-O Qe7 14. h3 {[#]} (14. Kb1 $14) 14... c6 $146 ({Predecessor:} 14... Na6 15. Qa5 c6 16. Na4 b6 17. Qd2 Be6 18. Qd6 Qf7 19. h4 g4 20. Ng5 fxg5 21. hxg5 {0-1 (27) Wells,P (2494)-Kritz,L (2541) Biel 2004}) 15. Qd2 Na6 16. Nh2 f5 {[%cal Bf6f5,Bf5f4][%mdl 32]} 17. f3 $1 Be6 (17... f4 $15 {should be considered.} 18. Bf2 Nf7) 18. Qd6 $11 Qf6 19. Rhe1 (19. Qa3 $14) 19... Rfd8 $15 20. Qa3 Bf8 $36 {[%mdl 2048] Black fights for an advantage.} 21. Qa5 f4 22. Bf2 Bb4 23. Qa4 Qe7 (23... Nf7 {seems wilder.} 24. Nf1 Qe7 25. Kb1 Bc5 26. Bxc5 Rxd1+ 27. Rxd1 Qxc5 28. g4 Rd8) 24. Rxd8+ Rxd8 25. Rd1 Rxd1+ 26. Qxd1 Bxc3 27. bxc3 Qa3+ ({Black should play} 27... Nf7 $17 28. Qa4 c5) 28. Kb1 {[#] Black must now prevent Qd8+.} Qxc3 {Black is more active.} 29. Ng4 (29. Be1 $15 Qd4 30. Qxd4 exd4 31. h4) 29... Nf7 (29... Bxg4 $17 30. hxg4 Qb4+ 31. Kc1 Qa3+ 32. Kb1 Nf7) 30. Bxa7 $2 ({White has to play} 30. Nxe5 $1 $11 Nxe5 31. Qd4 Qb4+ 32. Kc1 Qa3+ 33. Kd1 Qa4+ 34. Kc1) 30... Bxc4 31. Bxc4 Qxc4 32. Qd2 {Now White is beyond hope.} (32. Qb3 $17 Qf1+ 33. Kb2) 32... Kg7 $19 33. Nf2 Qb5+ 34. Ka1 Nc5 {Inhibits Nd3.} 35. Bb8 $2 (35. Bxc5 Qxc5 36. Nd3 Qd4+ 37. Kb1) 35... Qf1+ 36. Nd1 Qd3 37. Qc1 (37. Qxd3 Nxd3 38. Kb1) 37... Qd4+ 38. Kb1 Na6 39. h4 Nxb8 40. hxg5 Nd7 41. Nb2 Nc5 42. Qf1 Na4 {[%csl Ga4][%cal Rd4b2] [#]} 43. Nd3 c5 {Weighted Error Value: White=0.84/Black=0.21 (precise)} 0-1